| 000 | 01450nam a22001937a 4500 | ||
|---|---|---|---|
| 008 | 230302s2023 xxk||||| |||| 00| 0 eng d | ||
| 041 | _aeng | ||
| 245 | _aDecarbonising the private housing sector | ||
| 260 |
_aCardiff, _bWelsh Parliament Climate Change, Environment, and Infrastructure Committee, _cFebruary 2023 |
||
| 300 | _a63p. | ||
| 520 | _aA Climate Change, Environment, and Infrastructure Committee report on decarbonising the private housing sector recommends: the Welsh Government provides clearer and stronger strategic direction to the industry and other actors to help drive progress towards decarbonising homes; if the Minister does not intend to develop and publish a comprehensive housing decarbonisation strategy, she should explain the change in position; the delivery plan for housing decarbonisation must include key milestones and interim targets for the privately owned sector; and the minister must publish an interim report on findings of the Optimised Retrofit Programme to date. The Committee argues that council tax and land transaction tax should be part of a package of incentives to get homeowners to make their properties more energy efficient. | ||
| 650 | _aDECARBONISATION | ||
| 650 | _aRESIDENTIAL PROPERTY | ||
| 651 | _aWales | ||
| 690 |
_96238 _aEnvironment |
||
| 710 | 2 | _aWelsh Government | |
| 856 |
_uhttps://senedd.wales/media/q3vcgmmp/cr-ld15695-e.pdf _zAvailable on senedd.wales |
||
| 942 | _n0 | ||
| 999 |
_c121386 _d121386 |
||